Winnig legal wars : (Record no. 153029)

MARC details
000 -LEADER
fixed length control field 00724nam a22002297a 4500
003 - CONTROL NUMBER IDENTIFIER
control field dpl
005 - DATE AND TIME OF LATEST TRANSACTION
control field 20180704163325.0
008 - FIXED-LENGTH DATA ELEMENTS--GENERAL INFORMATION
fixed length control field 180623b xxu||||| |||| 00| 0 eng d
010 ## - LIBRARY OF CONGRESS CONTROL NUMBER
LC control number B-133111, B-133106
020 ## - INTERNATIONAL STANDARD BOOK NUMBER
Terms of availability 0.00
International Standard Book Number 1403922128
035 ## - SYSTEM CONTROL NUMBER
System control number B-133111
037 14 - SOURCE OF ACQUISITION
Source of stock number/acquisition BPPD/PUB
040 ## - CATALOGING SOURCE
Transcribing agency 0
082 1# - DEWEY DECIMAL CLASSIFICATION NUMBER
Classification number 658.12
100 1# - MAIN ENTRY--PERSONAL NAME
Personal name Dubey, Ranjeev C.
245 ## - TITLE STATEMENT
Title Winnig legal wars :
Statement of responsibility, etc by Ranjeev C Dubey
Remainder of title The business manager's guide to law, litigation and legal strategy
260 ## - PUBLICATION, DISTRIBUTION, ETC. (IMPRINT)
Place of publication, distribution, etc New Delhi
Name of publisher, distributor, etc Macmillan
Date of publication, distribution, etc 2003
270 ## - ADDRESS
Address 2/10, Anasri road, Daryaganj
City New Delhi
Postal code 110002
300 ## - PHYSICAL DESCRIPTION
Extent xi,393p.
Dimensions 23cm (Hb)
500 ## - GENERAL NOTE
General note includes index
942 ## - ADDED ENTRY ELEMENTS (KOHA)
Institution code [OBSOLETE] dpl
Koha item type English Books
Call number prefix 658.12 / DUB
Source of classification or shelving scheme Dewey Decimal Classification
Classification part 658.12
Call number suffix DUB
Holdings
Withdrawn status Lost status Source of classification or shelving scheme Damaged status Not for loan Collection code Home library Current library Date acquired Source of acquisition Cost, normal purchase price Total Checkouts Full call number Barcode Date last seen Cost, replacement price Price effective from Koha item type
    Dewey Decimal Classification     Non-fiction Patel Nagar Patel Nagar 04/07/2018 BPPD/Pub 0.00   658.12 DUB B-133106 04/07/2018 0.00 04/07/2018 English Books
    Dewey Decimal Classification       Sarojini Nagar Sarojini Nagar 10/04/2019       658.12 DUB B-133109 10/04/2019   10/04/2019 English Books
    Dewey Decimal Classification     Non-fiction Shahdara Branch Shahdara Branch 23/06/2018 BPPD/PUB 0.00   658.12 DUB B-133111 23/06/2018 0.00 23/06/2018 English Books

© Delhi Public Library
Hit Counter
free hit counter